000
00304nam a22001337a 4500
008
170829b xxu||||| |||| 00| 0 eng d
020
_a
9780521587051
041
_a
eng
080
_a
070
100
_a
39
101
_a
MED
245
_a
SPEAKERS, LISTENERS AND COMMUNICATION
_c
BROWN,G
942
_2
udc
_c
BK
999
_c
25295
_d
25295